Handbook of transfusion medicine : (Record no. 4566)

MARC details
000 -LEADER
fixed length control field 00609nam a22002057a 4500
003 - CONTROL NUMBER IDENTIFIER
control field OSt
005 - DATE AND TIME OF LATEST TRANSACTION
control field 20160818144557.0
008 - FIXED-LENGTH DATA ELEMENTS--GENERAL INFORMATION
fixed length control field 160630b xxu||||| |||| 00| 0 eng d
020 ## - INTERNATIONAL STANDARD BOOK NUMBER
International Standard Book Number 0113216408
040 ## - CATALOGING SOURCE
Transcribing agency 040a
082 ## - DEWEY DECIMAL CLASSIFICATION NUMBER
Classification number WB 356
Item number W992 1996
245 ## - TITLE STATEMENT
Title Handbook of transfusion medicine :
Remainder of title blood transfusion services of the united kingdom /
Statement of responsibility, etc. Brian McClelland
250 ## - EDITION STATEMENT
Edition statement 2nd.ed
260 ## - PUBLICATION, DISTRIBUTION, ETC. (IMPRINT)
Place of publication, distribution, etc. London
Name of publisher, distributor, etc. Stationary office
Date of publication, distribution, etc. 1996
300 ## - PHYSICAL DESCRIPTION
Extent v, 117p;
Dimensions 10 cm.
504 ## - BIBLIOGRAPHY, ETC. NOTE
Bibliography, etc Includes bibliographic references
650 ## - SUBJECT ADDED ENTRY--TOPICAL TERM
Topical term or geographic name as entry element Transfusion
9 (RLIN) 9782
700 ## - ADDED ENTRY--PERSONAL NAME
Personal name McClelland, Brian
9 (RLIN) 9783
942 ## - ADDED ENTRY ELEMENTS (KOHA)
Source of classification or shelving scheme Other/Generic Classification Scheme
Koha item type Open Shelf
Holdings
Withdrawn status Lost status Source of classification or shelving scheme Damaged status Not for loan Home library Current library Date acquired Source of acquisition Inventory number Total Checkouts Full call number Barcode Date last seen Price effective from Koha item type
    Other/Generic Classification Scheme     MUST Main Library MUST Main Library 30/06/2016   2003/18105   WB 356 W992 1996 2016-2881 30/06/2016 30/06/2016 Open Shelf
    Other/Generic Classification Scheme     MUST Main Library MUST Main Library 17/08/2016   2003/18108   WB 356 W992 1996 2016-3680 17/08/2016 17/08/2016 Open Shelf
    Other/Generic Classification Scheme     MUST Main Library MUST Main Library 17/08/2016   2003/18107   WB 356 W992 1996 2016-3681 17/08/2016 17/08/2016 Open Shelf
    Other/Generic Classification Scheme     MUST Main Library MUST Main Library 18/08/2016   2003/18106   WB 356 W992 1996 2016-3728 18/08/2016 18/08/2016 Open Shelf